000 00456nam a22001817a 4500
003 CEME
005 20210628201718.0
008 210215b xxu||||| |||| 00| 0 eng d
020 _a981-235-871-4
040 _c.
082 _a005.133 STA
100 _aStandish, Thomas.A
_956477
245 _aData structures in java
260 _aINDIA
_bADDISON WESLEY
_c2000
300 _aXVII,552P
650 _aJAVA FOR DATA STRUCTURES
_956478
942 _cBK
_2ddc
999 _c566877
_d566877